000 00556nam a22001937a 4500
003 KOHA_MİRAKIL
005 20251125091142.0
008 251125b tu ||||| |||| 00| 0 tur d
020 _a9789753631413
040 _aTR-AnABB
_btur
_cTR-AnABB
041 _atur
082 _a821.1
_bCHA 2021
100 1 _aChaucer, Geoffrey,
245 1 0 _aCanterbury hikayeleri /
_cGeoffrey Chaucer
260 _aİstanbul :
_bYapı Kredi Kültür Yayınları,
_c2021
300 _a640 sayfa ;
_c21 cm
650 0 4 _aİngiliz edebiyatı, roman
942 _2ddc
_cBK
999 _c9603
_d9603
900 _bGizem YORULMAZ